000 00625nam a2200205 i 4500
001 22498
003 ES-MaACL
005 20230906152716.0
007 t|
008 021203m19091911sp ||||1| spa d
080 _a94(460)
100 1 _aAltamira, Rafael,
_d1866-1951
_920515
245 1 0 _aHistoria de España y de la civilización española /
_cpor Rafael Altamira.
250 _a2ª ed., corr. y aum.
260 _aBarcelona :
_b[s.n.],
_c1909-1911 (
_fVda. de Luis Tasso)
300 _a4 v. :
_bil. ;
_c18 cm.
651 4 _aEspaña-
_xHistoria.
_98209
852 _aES-MaACL
_jB-3124-27
999 _c22498
_d22498